Actors in MCU - Statistics

General Stats
  • This quiz has been taken 86 times
  • The average score is 21 of 28
Answer Stats
Character Actor % Correct
Captain America Chris Evans
98%
Iron Man Robert Downey Junior
98%
Black Widow Scarlett Johansson
95%
Doctor Strange Benedict Cumberbatch
94%
Black Panther Chadwick Boseman
92%
Spider-Man Tom Holland
92%
Captain Marvel Brie Larson
91%
Thor Chris Hemsworth
91%
Ant-Man Paul Rudd
91%
Nick Fury Samuel L. Jackson
91%
Hawkeye Jeremy Renner
85%
Hulk Mark Ruffalo
85%
Falcon Anthony Mackie
80%
Loki Tom Hiddleston
80%
Scarlet Witch Elizabeth Olsen
79%
Winter Soldier Sebastian Stan
73%
Gamora Zoe Saldana
71%
Rocket Bradley Cooper
68%
Wong Benedict Wong
64%
Thanos Josh Brolin
62%
J.A.R.V.I.S. Paul Bettany
62%
War Machine Don Cheadle
59%
Pepper Potts Gwyneth Paltrow
59%
Nebula Karen Gillan
45%
Maria Hill Cobie Smulders
39%
Wasp Evangeline Lily
39%
Valkyrja/Valkyrie Tessa Thompson
38%
Okoye Danai Gurira
26%
No matching quizzes found
Score Distribution
Percent of People with Each Score
Percentile by Number Answered
Your Score History
You have not taken this quiz